000
00260nam a2200097Ia 4500
082
_a
EF HUDS
245
0
_a
Top secret rendezvous
100
_a
HUDSON-SMITH, Linda Washington DC, 2003
_9
78326
942
_c
BK
008
210817s9999 xx 000 0 und d
999
_c
394174
_d
394173